Countries which burned Moscow - Statistics

General Stats
  • This quiz has been taken 7 times
  • The average score is 3 of 6
Answer Stats
PERIOD (year) Empire/state % Correct
1812 French Empire
100%
1238 Mongol Empire
71%
1382 Golden Horde
57%
1611 Poland - Lithuania
57%
1571 Crimea (ottoman empire)
43%
1395 Timurid Empire
14%
No matching quizzes found
Score Distribution
Percent of People with Each Score
Percentile by Number Answered
Your Score History
You have not taken this quiz